000
00285nam a2200121Ia 4500
008
220216s9999 xx 000 0 und d
100
_a
Mathew N.M.
245
0
_a
Chemicals for vulcanization
260
_b
Rubber Asia
_c
1993
300
_a
79-83
650
_a
Vulcanization
942
_c
BS
999
_c
50948
_d
50948